[Event "GER-chT U20"]
[Site "Cologne"]
[Date "2004.12.30"]
[Round "7.4"]
[White "Schoene, Maria"]
[Black "Rudnik, Kirill"]
[Result "1/2-1/2"]
[WhiteElo "2110"]
[BlackElo "1813"]
[PlyCount "27"]
[EventDate "2004.12.27"]
[EventType "team-tourn"]
[EventRounds "7"]
[EventCountry "GER"]
[SourceTitle "CBM 104 Extra"]
[Source "ChessBase"]
[SourceDate "2005.03.01"]
[SourceVersion "1"]
[SourceVersionDate "2005.03.01"]
[SourceQuality "1"]
[WhiteTeam "Dresden SC (U20)"]
[BlackTeam "Koeln Porz U20"]
[WhiteTeamCountry "GER"]
[BlackTeamCountry "GER"]

1. e4 e5 2. Nf3 Nc6 3. Bb5 a6 4. Ba4 Nf6 5. 0-0 b5 6. Bb3 d6 7. Re1 Be7 8. c3 0-0 9. h3 Na5 10. Bc2 c5 11. d4 Qc7 12. Nbd2 Bd7 13. Nf1 Rfc8 14. Bb1 1/2-1/2

[Event "GER-chT U20"]
[Site "Cologne"]
[Date "2004.12.27"]
[Round "2.4"]
[White "Rudnik, Kirill"]
[Black "Boss, Igor"]
[Result "0-1"]
[WhiteElo "1813"]
[BlackElo "2016"]
[PlyCount "96"]
[EventDate "2004.12.27"]
[EventType "team-tourn"]
[EventRounds "7"]
[EventCountry "GER"]
[SourceTitle "CBM 104 Extra"]
[Source "ChessBase"]
[SourceDate "2005.03.01"]
[SourceVersion "1"]
[SourceVersionDate "2005.03.01"]
[SourceQuality "1"]
[WhiteTeam "Koeln Porz U20"]
[BlackTeam "Ricklingen (U20)"]
[WhiteTeamCountry "GER"]
[BlackTeamCountry "GER"]

1. e4 c5 2. Nc3 Nc6 3. g3 g6 4. d3 Bg7 5. Bg2 d6 6. Be3 e6 7. Nf3 Nd4 8. Qd2 Rb8 9. Nd1 Qf6 10. Bxd4 cxd4 11. Qb4 e5 12. Qa4+ b5 13. Qxa7 Rb7 14. Qa8 Ne7 15. 0-0 0-0 16. Nxd4 exd4 17. e5 Qxe5 18. Bxb7 Bh3 19. Qa5 Bxf1 20. Kxf1 Qc5 21. Qd2 d5 22. c4 dxc3 23. Nxc3 Bxc3 24. bxc3 Qb6 25. Rb1 Qxb7 26. a4 d4 27. Kg1 dxc3 28. Qxc3 Nd5 29. Qc5 b4 30. a5 Rc8 31. Qd4 Qa8 32. f4 Qxa5 33. f5 Rb8 34. fxg6 Qb6 35. gxh7+ Kxh7 36. Qxb6 Rxb6 37. Kf2 b3 38. Ke1 Nc3 39. Rb2 Na4 40. Rb1 b2 41. Kd2 Rc6 42. d4 Kg6 43. h3 Rc4 44. d5 Rd4+ 45. Kc2 Rxd5 46. Re1 Rb5 47. Rb1 Nc5 48. Re1 b1Q+ 0-1

[Event "GER-chT U20"]
[Site "Ditzingen"]
[Date "2003.12.29"]
[Round "6.6"]
[White "Kunth, Andreas"]
[Black "Rudnik, Kirill"]
[Result "0-1"]
[WhiteElo "1903"]
[BlackElo "1762"]
[PlyCount "86"]
[EventDate "2003.12.27"]
[EventType "team-swiss"]
[EventRounds "7"]
[EventCountry "GER"]
[SourceTitle "EXT 2022"]
[Source "ChessBase"]
[SourceDate "2021.10.06"]
[SourceVersion "1"]
[SourceVersionDate "2021.10.06"]
[SourceQuality "1"]
[WhiteTeam "Hettstedt U20"]
[BlackTeam "Porz SG U20"]
[WhiteTeamCountry "GER"]
[BlackTeamCountry "GER"]

1. e4 e5 2. Nf3 Nc6 3. d4 exd4 4. Nxd4 Bc5 5. Nxc6 bxc6 6. Bd3 Ne7 7. 0-0 0-0 8. Nc3 Ng6 9. Kh1 Bb7 10. f4 d5 11. Rf3 Nh4 12. Rh3 Bc8 13. f5 dxe4 14. Nxe4 Be7 15. Qh5 Bxf5 16. Bg5 Bxg5 17. Nxg5 h6 18. Bxf5 Nxf5 19. Ne4 Nd6 20. Nf2 Qf6 21. Nd3 Rfe8 22. Rf3 Qg5 23. Qh3 Re4 24. Rd1 Rae8 25. Rdf1 Qe7 26. Qg3 Qh4 27. Qxh4 Rxh4 28. Kg1 Rhe4 29. R1f2 Re2 30. Kf1 Rxf2+ 31. Nxf2 Nc4 32. Nd1 Nd2+ 33. Kf2 Nxf3 34. gxf3 Rd8 35. Ke2 f6 36. Nc3 Kf7 37. Na4 Rd4 38. b3 Rh4 39. Nc5 Rxh2+ 40. Kd3 Ke7 41. Ne4 f5 42. Nd2 Rxd2+ 43. Kxd2 h5 0-1

[Event "GER-chT U20"]
[Site "Ditzingen"]
[Date "2003.12.28"]
[Round "4.6"]
[White "Rudnik, Kirill"]
[Black "Smolka, Alexander"]
[Result "1-0"]
[WhiteElo "1762"]
[BlackElo "2136"]
[PlyCount "103"]
[EventDate "2003.12.27"]
[EventType "team-swiss"]
[EventRounds "7"]
[EventCountry "GER"]
[SourceTitle "EXT 2022"]
[Source "ChessBase"]
[SourceDate "2021.10.06"]
[SourceVersion "1"]
[SourceVersionDate "2021.10.06"]
[SourceQuality "1"]
[WhiteTeam "Porz SG U20"]
[BlackTeam "Bochum SG 31 U20"]
[WhiteTeamCountry "GER"]
[BlackTeamCountry "GER"]

1. e4 c5 2. Nc3 Nc6 3. g3 d6 4. Bg2 g6 5. d3 Bg7 6. Be3 Rb8 7. Qd2 e6 8. Nf3 b5 9. h4 h5 10. d4 b4 11. Nd1 cxd4 12. Nxd4 Nge7 13. c4 bxc3 14. Nxc3 Ba6 15. Nxc6 Nxc6 16. f4 Qa5 17. Rc1 Nb4 18. Bf1 Bxf1 19. Kxf1 0-0 20. Kg2 Qa6 21. Rhd1 Rfd8 22. a3 Nc6 23. Rc2 Na5 24. Qf2 Rd7 25. Na2 Nc4 26. Bc1 Nb6 27. Nb4 Qb7 28. Qe2 f5 29. Re1 Qxe4+ 30. Qxe4 fxe4 31. Rxe4 Kf7 32. Bd2 d5 33. Re1 Nc4 34. Bc1 a5 35. Nd3 Rb5 36. Rce2 Rd6 37. Ne5+ Bxe5 38. fxe5 Rdb6 39. Rf1+ Kg7 40. Ref2 Nxe5 41. Be3 Kg8 42. Rf8+ Kh7 43. Bd4 Rxb2+ 44. Kh3 g5 45. hxg5 Rb8 46. Rxb8 Rxb8 47. Bxe5 Rb3 48. a4 Kg6 49. Kh4 Rb4+ 50. Rf4 Rb1 51. Rf6+ Kh7 52. g6+ 1-0

[Event "GER-chT U20"]
[Site "Greifswald"]
[Date "2002.12.30"]
[Round "7.6"]
[White "Erbs, Susan"]
[Black "Rudnik, Kirill"]
[Result "0-1"]
[WhiteElo "1747"]
[BlackElo "1732"]
[PlyCount "96"]
[EventDate "2002.12.27"]
[EventType "team"]
[EventRounds "7"]
[EventCountry "GER"]
[SourceTitle "CBM 092 Extra"]
[Source "ChessBase"]
[SourceDate "2003.03.07"]
[SourceVersion "1"]
[SourceVersionDate "2003.03.07"]
[SourceQuality "1"]

1. e4 e5 2. Nf3 Nc6 3. Bc4 Bc5 4. c3 Qe7 5. 0-0 d6 6. d4 Bb6 7. h3 h6 8. Re1 Nf6 9. Be3 0-0 10. dxe5 Nxe5 11. Nxe5 dxe5 12. Bxb6 axb6 13. Nd2 Be6 14. Qb3 Nh5 15. Nf3 Qf6 16. Bxe6 fxe6 17. c4 Nf4 18. Kh2 g5 19. Qc3 Nxh3 20. Kxh3 Qf4 21. Nxg5 hxg5 22. Qg3 Qf6 23. Kh2 Rf7 24. Kg1 Rh7 25. f3 Kg7 26. Red1 Kg6 27. Rd2 Qf4 28. Qxf4 exf4 29. a3 Rah8 30. Rad1 Rh1+ 31. Kf2 Rxd1 32. Rxd1 Rh7 33. Rd8 Kf6 34. Rf8+ Ke5 35. Rg8 Kd4 36. Rxg5 Kxc4 37. Re5 Re7 38. g3 fxg3+ 39. Kxg3 Kd4 40. Rh5 Ke3 41. Re5 Rg7+ 42. Kh2 Kf2 43. Rh5 Kxf3 44. Rh6 e5 45. Rh4 Rg2+ 46. Kh1 Rxb2 47. Rh7 Rc2 48. Rh4 Kg3 0-1

[Event "GER-chT U20"]
[Site "Greifswald"]
[Date "2002.12.28"]
[Round "4.6"]
[White "Stejskal, Hans Christian"]
[Black "Rudnik, Kirill"]
[Result "1/2-1/2"]
[WhiteElo "2120"]
[BlackElo "1732"]
[PlyCount "79"]
[EventDate "2002.12.27"]
[EventType "team"]
[EventRounds "7"]
[EventCountry "GER"]
[SourceTitle "CBM 092 Extra"]
[Source "ChessBase"]
[SourceDate "2003.03.07"]
[SourceVersion "1"]
[SourceVersionDate "2003.03.07"]
[SourceQuality "1"]

1. Nf3 d5 2. g3 Nf6 3. d3 c5 4. Bg2 Nc6 5. 0-0 g6 6. Nbd2 Bg7 7. e4 dxe4 8. dxe4 0-0 9. c3 e5 10. Qe2 Qc7 11. Nh4 a5 12. Rd1 b6 13. Nf1 Ba6 14. Qe1 a4 15. f4 Rad8 16. f5 Bd3 17. Bg5 Rd6 18. Rd2 c4 19. Rad1 Ne7 20. Ne3 Rfd8 21. Bf3 b5 22. g4 h6 23. Bxf6 Bxf6 24. Nhg2 Bg5 25. h4 Bxe3+ 26. Qxe3 Kg7 27. Ne1 a3 28. bxa3 Qa5 29. Nxd3 Qxc3 30. Be2 Qxa3 31. Kf2 cxd3 32. Rxd3 Rxd3 33. Rxd3 Rxd3 34. Qxd3 Qxa2 35. Qxb5 Qa1 36. Qc5 Qd4+ 37. Qxd4 exd4 38. Bb5 gxf5 39. exf5 Kf6 40. Be8 1/2-1/2

[Event "GER-chT U16"]
[Site "Bensdorf"]
[Date "2001.12.28"]
[Round "3.3"]
[White "Rudnik, Kirill"]
[Black "Vieten, Florian"]
[Result "1-0"]
[WhiteElo "1652"]
[BlackElo "1364"]
[PlyCount "57"]
[EventDate "2001.12.??"]
[EventType "team-tourn"]
[EventRounds "7"]
[EventCountry "GER"]
[SourceTitle "EXT 2003"]
[Source "ChessBase"]
[SourceDate "2002.11.25"]
[SourceVersion "1"]
[SourceVersionDate "2002.11.25"]
[SourceQuality "1"]

1. e4 e5 2. Nf3 Nc6 3. Bb5 d6 4. d4 Bd7 5. 0-0 g6 6. Re1 Bg7 7. c3 a6 8. Ba4 b5 9. Bc2 Nf6 10. d5 Ne7 11. Nbd2 0-0 12. c4 c6 13. dxc6 Bxc6 14. cxb5 axb5 15. Nf1 Qc7 16. Bg5 Rfe8 17. Ng3 h6 18. Bxf6 Bxf6 19. Bb3 Red8 20. Rc1 Qb7 21. Qd2 d5 22. exd5 Nxd5 23. Qxh6 Bg7 24. Qg5 Nb4 25. Nxe5 Bxe5 26. Rxe5 Nd3 27. Qxg6+ Kf8 28. Qh6+ Kg8 29. Rg5# 1-0

[Event "GER-chT U16"]
[Site "Bensdorf"]
[Date "2001.01.01"]
[Round "4.3"]
[White "Butzke, Daniel"]
[Black "Rudnik, Kirill"]
[Result "1-0"]
[WhiteElo "1639"]
[BlackElo "1652"]
[PlyCount "101"]
[EventDate "2001.12.??"]
[EventType "team-tourn"]
[EventRounds "7"]
[EventCountry "GER"]
[SourceTitle "EXT 2003"]
[Source "ChessBase"]
[SourceDate "2002.11.25"]
[SourceVersion "1"]
[SourceVersionDate "2002.11.25"]
[SourceQuality "1"]

1. e4 e5 2. Nf3 Nc6 3. d4 exd4 4. Nxd4 Nf6 5. Nc3 Bc5 6. Be3 Nxd4 7. Bxd4 Bxd4 8. Qxd4 d6 9. Bc4 Qe7 10. 0-0-0 0-0 11. Kb1 Be6 12. Bxe6 fxe6 13. f3 Nd7 14. Rhf1 e5 15. Qd5+ Kh8 16. Qxb7 Nc5 17. Qc6 Rab8 18. Na4 Nxa4 19. Qxa4 Rb7 20. Qc4 Rfb8 21. b3 Qd7 22. Qc3 Qe6 23. f4 Re8 24. fxe5 Qxe5 25. Qxe5 dxe5 26. Rd7 Kg8 27. Rff7 Rc8 28. Rxg7+ Kf8 29. Rxh7 Kg8 30. g4 Rb4 31. c4 Rb6 32. Rxc7 Rd8 33. Rcd7 Rc8 34. Kc2 a5 35. g5 a4 36. Rhg7+ Kh8 37. Rgf7 axb3+ 38. axb3 Rcb8 39. Rd3 Kg8 40. Re7 Ra6 41. Rxe5 Ra2+ 42. Kc3 Rxh2 43. Red5 Rg2 44. Rd8+ Rxd8 45. Rxd8+ Kg7 46. Rd5 Rg3+ 47. Kb4 Rg4 48. Re5 Kf7 49. c5 Rg1 50. c6 Rc1 51. Rc5 1-0